In quale città è successo? #3 - Statistics

Statistiche generali
  • Questo quiz è stato fatto 104 volte
  • Il punteggio medio è 12 su 20
Statistiche sulle risposte
Data Evento Città % Corretto
2016 Questa metropoli diventa la prima città sudamericana ad ospitare i giochi olimpici Rio de Janeiro
89%
2022 Le truppe russe falliscono nel tentativo di conquistare rapidamente questa città Kiev
87%
1478 La congiura dei Pazzi tenta di eliminare Lorenzo e Giuliano de' Medici Firenze
84%
1637 Per il crollo del prezzo dei tulipani, nella borsa valori di questa città esplode la prima bolla speculativa della storia Amsterdam
81%
1752 Inizia la costruzione della favolosa reggia voluta da Carlo di Borbone Caserta
81%
1703 Lo zar Pietro il Grande fonda la sua nuova capitale sul fiume Neva San Pietroburgo
81%
410 I Visigoti saccheggiano questa città, che era inviolata da ottocento anni Roma
76%
1923 Adolf Hitler e i suoi seguaci tentano un colpo di stato, fallendo Monaco di Baviera
73%
1773 Un gruppo di indipendentisti nordamericani, travestiti da nativi, getta delle casse di tè nel porto di questa città, per protestare contro le tasse imposte dal governo inglese Boston
69%
1593 Città che per il re Enrico IV di Borbone "val bene una messa" Parigi
69%
30 a.C. Cleopatra, ultima regina egizia, si suicida col veleno di un aspide per non venir catturate dai soldati romani Alessandria d'Egitto
64%
ca 1750 a.C. Hammurabi promulga quella che si ritiene essere tra le più antiche raccolte scritte di leggi al mondo Babilonia
63%
1605 Viene sventata la congiura delle polveri, il cui scopo era assassinare re Giacomo I Londra
61%
1963 Martin Luther King Jr tiene il suo più famoso discorso: "I have a dream" Washington
53%
1848-49 La città, dichiaratasi repubblica indipendente, resiste per quasi un anno all'assedio posto dalle truppe austriache Venezia
36%
1916 Per il possesso di questa cittadina, gli eserciti francese e tedesco si combattono per oltre trecento giorni in una delle battaglie più sanguinose della storia umana Verdun
28%
1813 Presso questa città tedesca viene combattuta la "battaglia delle nazioni", il maggiore scontro armato europeo fino allo scoppio della Prima guerra mondiale Lipsia
24%
842 I giuramenti di alleanza tra Carlo il Calvo e Ludovico il Germanico tenutisi in questa città sono considerati il più antico testo scritto in una lingua romanza Strasburgo
17%
1291 La caduta di questa roccaforte pone fine alla presenza crociata in Terrasanta San Giovanni d'Acri
15%
1998 La firma dell'accordo del Venerdì Santo risolve un conflitto che continuava da trent'anni Belfast
11%
Nessun quiz corrispondente trovato
Distribuzione punteggi
Percentuale di utenti per punteggio
Percentile per numero di risposta
I tuoi punteggi nel tempo
Non hai fatto questo quiz